Review of the Malaysian oil palm industry 2002.
| Corporate Author: | |
|---|---|
| Format: | Book |
| Published: |
Kajang:
Malaysian Palm Oil Board (MPOB),
2003.
|
| Subjects: |
| LEADER | 00484cam a2200157 7i4500 | ||
|---|---|---|---|
| 001 | 0000012349 | ||
| 005 | 20030725090000.0 | ||
| 022 | 0 | 0 | |a 15117448 |
| 090 | 0 | 0 | |a M 641.583 |b MAL |
| 110 | 2 | 0 | |a Malaysian Palm Oil Board (MPOB) |
| 245 | 2 | 0 | |a Review of the Malaysian oil palm industry 2002. |
| 260 | 0 | 0 | |a Kajang: |b Malaysian Palm Oil Board (MPOB), |c 2003. |
| 300 | # | # | |a 100 p. |
| 650 | 0 | 0 | |a Palm Oil industry -- |z Malaysia |
| 651 | 0 | 0 | |a Malaysia |
| 999 | |a 0000014709 |b Book |c Malaysia |e Business Information Centre | ||